02144nam a22003017a 4500001001000000002000600010003001100016005001700027006001800044007000300062008004100065040001400106041000800120050002100128100003300149245007700182246006300259260004900322300006800371520057600439563057601015650003501591650001401626650001401640700002801654700002701682856013301709BRCA_8536U-103FranzMayer20260507134635.0a||||fr|||| 001 0ta250923s1647 enka|||frf||| 001 0 eng d aBMFMbspa0 aeng 4aQB26 b.L55 16471 aWilliam, Lilly,d(1602-1681)10aChristian astrology modestly treated of in three books /cWilliam Lilly 13aAstrología cristiana modestamente tratada en tres libros aLondres, Inglaterra :bTho. Brudenell,c1647 a832 páginas :bIlustraciones y gráficos ;c19.2 x 15 x 6 cm3 aPrimera edición de uno de los tratados de astrología más influyentes en el idioma inglés. Ha sido considerado uno de los más relevantes en el estudio de la astrología durante la Edad Media.bSe divide en tres partes. La primera introduce los conceptos básicos de astrología (los planetas, los signos zodiacales y las casas astrológicas). La segunda está dedicada a la interpretación de las cartas astrales. Finalmente, en la última parte se abordan las aplicaciones prácticas de la astrología, incluyendo su uso para predecir eventos futuros. aOtras referencias físicas: Media encuadernación con puntas en piel y tela. El papel del cuerpo del libro es de pulpa de trapo, hecho a mano, con marcas de verjurado y marcas de agua. El cuerpo del libro está formado por cuadernillos unidos mediante costura alternada sobre tres soportes de costura sencillos y ocultos, de cordel. Lomera redondeada con endoses de papel en los cuatro paneles. Cabezadas industriales adheridas (posteriores). Soportes de las tapas de cartón. Decoraciones con dorado en tapas y lomo. Texto impreso. Anotaciones en tinta ferrogálica10aAstrologyyEarly works to 180010aOccultism10aHoroscope1 aPartridge, Johneeditor1 aBlunden, Humpheeditor41qTIF//PDFuhttps://bibliotecadigital.franzmayer.org.mx/items/e5ec5c08-a550-4f9d-abb4-cdfa4594de0byBiblioteca Digital Franz Mayer